01382nam a2200373 i 4500001001000000003000900010005001700019007000300036008004100039020001500080040003000095041000800125082001800133245012300151264005100274300002500325336002700350337003300377338002800410700004200438700004400480700003900524700004500563700003600608700003700644700004100681700004500722700004600767700004500813700004600858700003200904700003100936700004100967000027916DO-SdBNP20260422143911.0ta110405s2000 dr 000 0 spa d a9993480215 aDO-SdBNPbspacBNPHUerda aspa 4axxxbS69822200aSonetos /cBerenice Barinas Ubiñas... [y otros 11] ; edición, José Chez Checo ; ilustración, Rafael Hutchinson 4aSanto Domingo :bEdiciones Ferilibro,c©2000. a62 paginas ;c23 cm. atextobtxt2rdacontent asin mediaciónbn2rdamedia avolumenbnc2rdacarrier1 aCampos Sagaseta, Carlos,eautor4aut.1 aBarinas Ubiñas, Bereniceeautor4aut.1 aCastillo C., Juan B.,eautor4aut.1 aConcepción M., Huáscar,eautor4aut.1 aLandolfi, Ciriaco,eautor4aut.1 aChez Checo, José,eeditor4ed.1 aHutchinson, Rafael,eilustrador4il.1 aHernández Flores, Ismael eautor4aut.1 aHernández, José Ramón eautor4aut.1 aPerez Polanco, Lewis Oscar eautor4aut.1 aReyes Vásquez, Radhamés eautor4aut.1 aSaba, Ramón eautor4aut.1 aSierra, Jorgeeautor4aut.1 aVásquez G. Arismendieautor4aut.